Badminton (Registro nro. 9025)
[ vista simple ]
| 000 -CABECERA | |
|---|---|
| Longitud fija campo de control | 01236nam a2200325 i 4500 |
| 005 - • FECHA Y HORA DE LA ÚLTIMA TRANSACCIÓN | |
| Fecha y hora de la última transacción | 20220317002043.0 |
| 007 - • CAMPO FIJO DE DESCRIPCIÓN FÍSICA | |
| Campo fijo de descripción física | ta |
| 008 - • CÓDIGOS DE INFORMACIÓN DE LONGITUD FIJA | |
| Códigos de información de longitud fija | 201119s2020 ck a j 00| 0dspa d |
| 020 ## - • NÚMERO INTERNACIONAL NORMALIZADO PARA LIBROS | |
| Número Internacional Normalizado para Libros (ISBN) | 9789585592254 |
| 040 ## - FUENTE DE LA CATALOGACIÓN | |
| Centro catalogador de origen | CO-BoRNBP |
| Lengua de catalogación | spa |
| Normas de descripción | rda |
| Centro transcriptor | CO-BoRNBP |
| 041 0# - • CÓDIGO DE LENGUA | |
| Código de lengua del texto/banda sonora o título independiente | spa |
| 082 04 - • NÚMERO DE LA CLASIFICACIÓN DECIMAL DEWEY | |
| Número de clasificación (R) | 796.345 |
| Número del ítem | M67b |
| Número de edición | 22 |
| 100 1# - • PUNTO DE ACCESO PRINCIPAL-NOMBRE DE PERSONA | |
| Nombre de persona | Moreno Salcedo, Andrés David |
| Término indicativo de función | autor |
| 245 10 - • TITULO PROPIAMENTE DICHO | |
| Título | Badminton |
| Resto del título | manual de iniciación |
| Mención de responsabilidad, etc. | Andrés David Moreno Salcedo, Jairo Alberto Flórez Villamizar |
| 250 ## - • MENCIÓN DE EDICIÓN | |
| Mención de edición | Primera edición |
| 264 #1 - PRODUCCIÓN, PUBLICACIÓN , DISTRIBUCIÓN, FABRICACIÓN Y COPYRIGHT | |
| Lugar de producción, publicación, distribución, fabricación | Armenia |
| Nombre del productor, editor, distribuidor, fabricante | Editorial Kinesis |
| Fecha de de producción, publicación, distribución, fabricación o copyright | 2020 |
| 300 ## - • DESCRIPCIÓN FÍSICA | |
| Extensión | 135 páginas |
| Otras características físicas | ilustraciones |
| Dimensiones | 24 cm |
| 336 ## - TIPO DE CONTENIDO | |
| Fuente | rdacontent |
| Término de tipo de contenido | texto |
| Código de tipo de contenido | txt |
| 337 ## - TIPO DE MEDIO | |
| Fuente | rdamedia |
| Nombre del tipo de medio | sin mediación |
| Código del tipo de medio | n |
| 338 ## - TIPO DE SOPORTE | |
| Fuente | rdacarrier |
| Nombre del tipo de soporte | volumen |
| Código del tipo de soporte | nc |
| 504 ## - • NOTA DE BIBLIOGRAFÍA, ETC | |
| Nota de bibliografía, etc. | Incluye bibliografía al final del texto |
| 521 ## - • NOTA DE PÚBLICO DESTINATARIO | |
| Nota público destinatario (R ) | Recomendado para un público mayor de 15 años |
| 545 ## - DATOS BIOGRÁFICOS O HISTÓRICOS | |
| Datos bigr´ficos o históricos | Incluye datos biográficos de los autores al inicio del texto |
| 650 17 - • PUNTO DE ACCESO ADICIONAL DE MATERIA - TÉRMINO DE MATERIA | |
| Fuente del encabezamiento o término | LEMB |
| Término de materia o nombre geográfico como elemento inicial | Bádminton |
| Subdivisión de materia general | Enseñanza |
| Subdivisión de forma | Manuales |
| 650 17 - • PUNTO DE ACCESO ADICIONAL DE MATERIA - TÉRMINO DE MATERIA | |
| Término de materia o nombre geográfico como elemento inicial | Juegos de raqueta |
| Subdivisión de materia general | Enseñanza |
| Subdivisión de forma | Manuales |
| Fuente del encabezamiento o término | LEMB |
| 650 17 - • PUNTO DE ACCESO ADICIONAL DE MATERIA - TÉRMINO DE MATERIA | |
| Fuente del encabezamiento o término | LEMB |
| Término de materia o nombre geográfico como elemento inicial | Juegos de raqueta |
| Subdivisión de materia general | Estrategias y técnicas |
| Subdivisión de forma | Manuales |
| 650 17 - • PUNTO DE ACCESO ADICIONAL DE MATERIA - TÉRMINO DE MATERIA | |
| Fuente del encabezamiento o término | LEMB |
| Término de materia o nombre geográfico como elemento inicial | Educación física |
| Subdivisión de forma | Manuales |
| 700 1# - • PUNTO DE ACCESO ADICIONAL - NOMBRE DE PERSONA | |
| Nombre de persona | Flórez Villamizar, Jairo Alberto |
| Término indicativo de función | autor |
| 942 ## - ENTRADA DE ELEMENTOS AGREGADOS (KOHA) | |
| Fuente de clasificaión o esquema | Dewey Decimal Classification |
| Koha [por defecto] tipo de item | LIbro |
No hay ítems disponibles.